01346 a2200217 45000010006000000050017000060080041000230030015000640400040000790800058001192450052001770200022002292640034002513000019002855050575003040410008008791000087008877000028009747000031010028560095010334046020260407155659.0260407a2016 arg spa dAR-UNSa-BCEJYS aAR-UNSa-BCEJYSbspacAR-UNSa-BCEJYS a657(083)xResoluciones Técnicas Contables. Informes10aResoluciones técnicas vigentespversión 3.7 a978-987-01-1973-9 1aBuenos Aires :bErreparc2016 a460 p.c27 cm. a1. RT (FACPCE) 6/1984. Estados contables en moneda homogénea - 2. RT (FACPCE) 8/1987. Normas generales de exposición contable - 3. RT (FACPCE) 9/1987. Normas particulares de exposición contable para enter comerciales, industriales y de servicios - 4. RT (FACPCE) 11/1993. Normas particulares de exposición contable para entes sin fines de lucro - 5. RT (FACPCE) 14/1997. Información contable de participaciones en negocios conjuntos - 6. RT (FACPCE) 15/1998. Normas sobre la actuación del contador público como síndico societario - 7. RT (FACPCE) 16/2000 aspa1 aFederación Argentina de Consejos Profesionales de Ciencias Económicas (FACPCE)1 aParada, Ricardo Antonio1 aErrecaborde, José Daniel41uhttps://biblioeco.unsa.edu.ar/pmb/images/libros/L125937.jpgyImagen de portadaqimage/jpeg